000 00382 a2200169 4500
001 175508
020 _a978-85-2626-552-3
040 _cMagnum
100 _aApec - Ação e Pesquisa em Educação em Ciências
240 1 0 _aCiências 6
_lpor
245 1 0 _aCiências 6
300 _a240
362 0 _a2008
440 1 _aScipione
697 _aCIÊNCIAS NATURAIS
942 _cBK
999 _c175508
_d175508